Statistiche per Quiz sulla Serie A - N°1

Clicka qui per fare il quiz!

Statistiche generali

  • Questo quiz è stato fatto 152 volte
  • Il punteggio medio è 7 su 15

Statistiche sulle risposte

DomandaRisposta% Corretto
Chi è il marcatore più anziano della storia del Chievo in Serie A?Sergio Pellissier (39 anni e 290 giorni)
88%
Qual è stata l'ultima squadra ad esordire in Serie A in ordine cronologico?Monza
79%
Quale squadra ha preso parte a tutti i campionati di Serie A a girone unico (dalla stagione 1929-1930 ad oggi)?Inter
78%
Con quanti punti la Juventus ha concluso il campionato 2013-2014?102
70%
In occasione di quale partita per la prima volta nella storia della Serie A tra i 22 giocatori scesi in campo dal primo minuto nessuno era di nazionalità italiana?Inter-Udinese 3-1 (23 Aprile 2016)
60%
Quale squadra è retrocessa il maggior numero di volte in Serie B?Brescia (13 volte)
54%
In quale stagione la Sampdoria ha vinto il suo primo ed unico scudetto?1990-1991
51%
Quante reti sono state segnate da Miroslav Klose in occasione di Lazio-Bologna 6-0 del 5 Maggio 2013?5
51%
Quale squadra detiene il record per il maggior numero di reti segnate in un campionato?Torino 1947-1948 (125 gol)
34%
Quanti campionati a girone unico a 20 squadre si sono disputati dalla stagione 1929-1930 ad oggi (stagione 2022-20239?24
31%
Quale squadre ha ottenuto il maggior numero di punti in un anno solare?Inter 2021 (104 punti)
25%
In quante stagioni la Roma ha terminato il campionato al secondo posto?14
18%
Quanti scudetti sono stati vinti da Ciro Ferrara?7 (2 Napoli; 5 Juventus)
18%
In quante stagioni la Juventus ha avuto il miglior attacco del campionato?24 stagioni
13%
Quale tra le seguenti squadre si è laureata campione d'inverno nel corso del maggior numero di stagioni?Bologna (5 volte)
13%

Distribuzione punteggi

Percentile per numero di risposta

Percentuale di utenti per punteggio

I tuoi punteggi nel tempo

Non hai fatto questo quiz